000
00317nam a22001337a 4500
008
171025b xxu||||| |||| 00| 0 eng d
020
_a
0716704676
041
_a
eng
080
_2
6 ED
_a
311
100
_a
55
101
_a
STA
245
_a
INTRODUCTION TO PROBABILITY AND STATISTICS
_c
ALDLER,R
942
_2
udc
_c
BK
999
_c
35885
_d
35885